| 000 | 03461nkm0a2200565 4500 | ||
|---|---|---|---|
| 001 | RU\NLR\BIBL_A\022645775 | ||
| 005 | 20251127234513.0 | ||
| 035 | _a(NLR Aleph) 022645775 | ||
| 071 | 5 | 0 |
_aф-1498 _d25 к. _95000 |
| 090 |
_a88929 _c88929 |
||
| 100 | _a20251016d1936 u y0rusy50 ca | ||
| 101 | 0 | _arus | |
| 102 | _aRU | ||
| 116 | _afiybxx xx ae | ||
| 135 | _acrcn 024anaba | ||
| 181 | 0 |
_ab4 _bxb2e |
|
| 182 | 0 | _an | |
| 200 | 1 |
_aГ. Махач-Кала (Дагестан) _iБуйнакская улица _eпочтовая карточка _fфото Игнатович |
|
| 203 |
_aИзображение _bнеподвижное _bдвухмерное _bвизуальное _cнепосредственное |
||
| 210 |
_aМосква _cизд. Союзфото _d1936 _e[Москва] _gотп. в 1-й гос. ф-ке Союзфото |
||
| 215 |
_a1 л. _cфотография _d9,5х14,6 |
||
| 300 | _aСправа внизу изд. марка: "СФ Союзфото". На адрес. стороне изд. марка: "Союз СФ фото" и сведения об авт. правах: "Copyright by Unionbild. Amsterdam and Sovfoto New York" | ||
| 300 | _aЦенз. разрешение: Уп. Главл. В-41930 | ||
| 301 | _aИзд. номер: ф-1498 | ||
| 325 | _aКопия доступна в Электрон. б-ке РНБ | ||
| 540 | 1 | _aГород Махачкала (Дагестан). Буйнакская улица | |
| 606 | 1 |
_aПочтовые открытки маркированные художественные _yСССР _z1917 - 1941 _2nlr_sh2 _3RU\NLR\AUTH\6601555037 |
|
| 606 | 1 |
_aФотографические открытки _2nlr_sh2 _3RU\NLR\AUTH\661600135 |
|
| 606 | 1 |
_aПамятники В.И.Ленину _jОткрытки _2nlr_sh1 _3RU\NLR\AUTH\66623145 |
|
| 607 |
_aМахачкала, город (Дагестан) _jОткрытки _2nlr_sh1 _2nlr_sh2 _3RU\NLR\AUTH\66595032 |
||
| 610 | 1 | _aВидовые открытки | |
| 617 |
_aСССР _bДагестанская АССР _dМахачкала, город _eПамятник В. И. Ленину _kБуйнакская улица |
||
| 686 | 0 | _aЩ153(2)7-489 | |
| 702 | 1 |
_aИгнатович _4600 |
|
| 712 | 0 | 2 |
_a"Союзфото", всесоюзное объединение _3RU\NLR\AUTH\8810009708 _4650 |
| 712 | 0 | 2 |
_a"Союзфото", всесоюзное объединение _bГосударственная фабрика _c1; Москва _3RU\NLR\AUTH\880460357 _4410 |
| 830 | _aИгнатович: предположительно, или Борис Всеволодович Игнатович (1899-1976), или Ольга Всеволодовна Игнатович (1905-1984). АЯ ОЭФ | ||
| 852 | 0 | 0 |
_aNLR _bЭ _jОТ63/М360 _mинв.67987 |
| 856 | 0 | _uhttps://vivaldi.nlr.ru/lo000072337/view | |
| 856 | 1 | _uhttps://vivaldi.nlr.ru/lo000072337/cover | |
| 856 | 2 | _uhttps://vivaldi.nlr.ru/lo000072337/text | |
| 901 | _eИзографические материалы | ||
| 942 | _cVISUAL | ||
| 945 | _aРоссийская национальная библиотека | ||
| 980 | _aBV | ||
| 980 | _aNB | ||
| 981 | 1 | 7 |
_a(17) Изографические материалы _b(17) Открытки |